|
|
|
|
| LEADER |
00000nam0a2200000 4500 |
| 001 |
144055 |
| 005 |
20231031143522.0 |
| 020 |
|
|
|a RU
|b 87-47966
|
| 035 |
|
|
|a (RuTPU)RU\TPU\book\156129
|
| 090 |
|
|
|a 144055
|
| 100 |
|
|
|a 20080929d1987 e y0rusy5003 ca
|
| 101 |
0 |
|
|a rus
|
| 102 |
|
|
|a RU
|
| 105 |
|
|
|a c z 000ay
|
| 200 |
1 |
|
|a Калинов Ключ
|e роман
|e для старшего школьного возраста
|f И. А. Матюшин
|
| 210 |
|
|
|a Воронеж
|c Центрально-Черноземное кн. изд-во
|d 1987
|
| 215 |
|
|
|a 301,[2] с.
|c портр.
|d 21 см
|
| 333 |
|
|
|a Исключено из фонда НТБ ТПУ
|
| 675 |
|
|
|a Р2
|z rus
|
| 700 |
|
1 |
|a Матюшин
|b И. А.
|g Иван Алексеевич
|4 070
|
| 801 |
|
0 |
|a RU
|b RuMRKP
|c 19950417
|g psbo
|
| 801 |
|
1 |
|a RU
|b 63413507
|c 20080929
|g PSBO
|
| 801 |
|
2 |
|a RU
|b 63413507
|c 20210511
|g PSBO
|
| 942 |
|
|
|c BK
|